| 000 | 00895nam a2200301 c 4500 | ||
|---|---|---|---|
| 001 | 16145 | ||
| 003 | ES-MaCES | ||
| 005 | 20250121040009.0 | ||
| 008 | 040217s2003 sp ||| | spa d | ||
| 017 |
_aB 39075-2003 _bDL |
||
| 024 | 7 |
_a207-03-013-3 _2nipo |
|
| 035 | _aCES20040002271m | ||
| 040 |
_aES-MaCES _bspa _cES-MaCES |
||
| 245 | 0 | 0 | _aIV Plan para la Igualdad de Oportunidades entre Mujer es y Hombres, 2003-2006 |
| 260 |
_aMadrid _bInstituto de la Mujer _c[2003] |
||
| 300 |
_a85 p. _c30 cm |
||
| 541 | _cGratuito | ||
| 650 | 4 |
_amujeres _928657 |
|
| 650 | 4 |
_aigualdad de oportunidades _927183 |
|
| 650 | 4 |
_aEspaña _926964 |
|
| 650 | 4 |
_aplan nacional _927018 |
|
| 650 | 4 |
_a2003-2006 _931719 |
|
| 653 | 1 | 0 | _aMujer |
| 710 | 2 |
_aInstituto de la Mujer (España) _eed. _94190 |
|
| 902 | _aLIB Libro | ||
| 942 |
_2CES _cBK _h3.3. |
||
| 999 |
_c16145 _d16145 |
||